|
|
|
|
| LEADER |
00000naa2a2200000 4500 |
| 001 |
431689 |
| 005 |
20231101075413.0 |
| 035 |
|
|
|a (RuTPU)RU\TPU\prd\91851
|
| 035 |
|
|
|a RU\TPU\prd\30623
|
| 090 |
|
|
|a 431689
|
| 100 |
|
|
|a 20101202a2004 k y0rusy50 ca
|
| 101 |
0 |
|
|a rus
|
| 102 |
|
|
|a RU
|
| 200 |
1 |
|
|a К теории оптических свойств фрактальных кластеров
|f С. В. Перминов, С. Г. Раутиан, В. П. Сафонов
|
| 225 |
1 |
|
|a Атомы, спектры, излучение
|
| 320 |
|
|
|a Библиогр.: 24 назв.
|
| 461 |
|
1 |
|0 (RuTPU)RU\TPU\prd\1443
|x 0044-4510
|t Журнал экспериментальной и теоретической физики
|l ЖЭТФ
|f Российская академия наук (РАН) ; Отделение физических наук РАН
|d 1931-
|
| 463 |
|
1 |
|0 (RuTPU)RU\TPU\prd\91843
|t Т. 125, вып. 4
|v с. 789-804
|d 2004
|
| 610 |
1 |
|
|a фрактальные кластеры
|
| 610 |
1 |
|
|a оптические свойства
|
| 610 |
1 |
|
|a квазистатическое приближение
|
| 610 |
1 |
|
|a наночастицы металлов
|
| 610 |
1 |
|
|a дипольные моменты
|
| 700 |
|
1 |
|a Перминов
|b С. В.
|
| 701 |
|
1 |
|a Раутиан
|b С. Г.
|
| 701 |
|
1 |
|a Сафонов
|b В. П.
|
| 801 |
|
1 |
|a RU
|b 63413507
|c 20041202
|g PSBO
|
| 801 |
|
2 |
|a RU
|b 63413507
|c 20101202
|g RCR
|
| 942 |
|
|
|c BK
|